Loading...
Varthamanappusthakam: Padavum padanangalum/
| Main Author: | |
|---|---|
| Other Authors: | |
| Format: | Printed Book |
| Language: | Malayalam |
| Published: |
Kottayam:
D.C. Books,
1987.
|
| LEADER | 00531nam a2200133Ia 4500 | ||
|---|---|---|---|
| 008 | 111205s9999 xx 000 0 mal d | ||
| 100 | |a Thomas,Paremmakkal | ||
| 245 | |a Varthamanappusthakam: |c Thomas,Paremmakkal |b Padavum padanangalum/ | ||
| 260 | |b D.C. Books, |a Kottayam: |c 1987. | ||
| 300 | |a 160p. | ||
| 700 | |a George ,Irumbayam |e editor | ||
| 942 | |c BK |2 ddc | ||
| 999 | |c 207257 |d 207257 | ||
| 952 | |0 0 |1 0 |4 0 |6 910_450000000000000_THO_V |7 0 |9 229218 |a MAL |b MAL |c ST1 |d 1978-02-18 |g 12.00 |l 1 |o 910.45 THO/V |p MAL22807 |r 2021-08-16 |s 2021-08-10 |v 12.00 |w 2018-08-20 |y BK | ||